COMM3 / (Record no. 362324)
[ view plain ]
| 000 -LEADER | |
|---|---|
| fixed length control field | 00415nam a2200133Ia 4500 |
| 008 - FIXED-LENGTH DATA ELEMENTS--GENERAL INFORMATION | |
| fixed length control field | 191023s9999 xx 000 0 und d |
| 020 ## - INTERNATIONAL STANDARD BOOK NUMBER | |
| International Standard Book Number | 9781285445588 |
| 100 ## - MAIN ENTRY--PERSONAL NAME | |
| Personal name | Verderber, Kathleen S. |
| 245 ## - TITLE STATEMENT | |
| Statement of responsibility, etc | Kathleen S. Verderber, Deanna D. Sellnow, Rudolph F. Verderber.-- |
| Title | COMM3 / |
| 260 ## - PUBLICATION, DISTRIBUTION, ETC. (IMPRINT) | |
| Place of publication, distribution, etc | USA : |
| Name of publisher, distributor, etc | Cengage Learning |
| Date of publication, distribution, etc | 2015 |
| 300 ## - PHYSICAL DESCRIPTION | |
| Extent | ix, 312 pages. |
| 650 ## - SUBJECT ADDED ENTRY--TOPICAL TERM | |
| Topical term or geographic name as entry element | Communication Arts. |
| 650 ## - SUBJECT ADDED ENTRY--TOPICAL TERM | |
| Topical term or geographic name as entry element | Public speaking |
| Withdrawn status | Lost status | Damaged status | Home library | Current library | Shelving location | Date acquired | Source of acquisition | Total Checkouts | Full call number | Barcode | Date last seen | Price effective from | Koha item type |
|---|---|---|---|---|---|---|---|---|---|---|---|---|---|
| College Library | College Library | Reserve Section | 10/23/2019 | Library Fund | P 90 .V483 2015 | C21912 | 10/23/2019 | 10/23/2019 | Books |